Flower arranging
| Main Author: | |
|---|---|
| Other Authors: | |
| Format: | Book |
| Published: |
London :
Tiger Books ,
1989
|
| Subjects: |
MARC
| LEADER | 00000cam a2200000 7i4500 | ||
|---|---|---|---|
| 001 | 0000002148 | ||
| 002 | 000002344 | ||
| 005 | 20000330.0 | ||
| 020 | |a 1855011840 | ||
| 090 | 0 | 0 | |a 745.92 |b NEW |
| 100 | 1 | |a Newdick, Jane | |
| 245 | 1 | 0 | |a Flower arranging |c Jane Newdick |
| 260 | |a London : |b Tiger Books , |c 1989 | ||
| 300 | |a 208p. : |b ill. ; |c 36cm. | ||
| 650 | 0 | 0 | |a Flower arrangement |
| 700 | 1 | |a Sutheland, Neil | |
| 999 | |a 028214 |b BUKU |c RUJUKAN |e PERPUSTAKAAN KOMUNITI PETALING JAYA | ||